| 000 | 00523nam a22001817a 4500 | ||
|---|---|---|---|
| 008 | 220823b |||||||| |||| 00| 0 eng d | ||
| 020 | _a0805411682 | ||
| 050 |
_aBV10.2 _b.S44 1996 C.1 |
||
| 100 | _aSegler, Franklin M. | ||
| 245 |
_aUnderstanding, preparing for , and practicing christian worship/ _cFranklin M. Segler |
||
| 250 | _a2nd ed. | ||
| 260 |
_aNashville _bBroadman &Holman _c1996 |
||
| 300 | _avii, 307p. | ||
| 650 | _aWorship | ||
| 650 | _aPublic worship | ||
| 700 | _aBradley. Randall | ||
| 942 |
_2lcc _cBK |
||
| 999 |
_c19465 _d19464 |
||